000
00258nam a2200097Ia 4500
001
681558
005
20250826161402.0
008
250824s9999 xx 000 0 und d
245
0
_a
TÜRK NİNNİLERİNDEN SEÇMELER
_c
100 TEMEL ESER
260
_b
AKVARYUM YAYINEVİ
999
_c
681558
_d
681558